000 00500cam a2200193ua 4500
020 _a0-910608-38-5
041 _aeng
_h
082 _a025.431
_bDEW/DE
100 _aDewey, Melvil.
245 _aDewey Decimal Classification and Relative index, Vol 1 /
_cMelvil Dewey.
_hTextual Documents
250 _a20 /
_b.
260 _aNew York :
_bForest Press ,
_c1989.
300 _a514 ; .
362 0 _aVol 1-
504 _a
650 _aLibrary Classification
942 _cBK
999 _c538
_d538